| 000 | 03100nam0a2200481 4500 | ||
|---|---|---|---|
| 001 | RU\NLR\BIBL_A\011942452 | ||
| 005 | 20250809113129.0 | ||
| 020 |
_aRU _9Ленинград в Великой Отечественной войне. Коллекция. Афиши |
||
| 035 | _a(NLR Aleph) 011942452 | ||
| 090 |
_a65363 _c65363 |
||
| 100 | _a20190220d1943 u y0rusy50 ca | ||
| 101 | 0 | _arus | |
| 102 | _aRU | ||
| 105 | _ay z 000zy | ||
| 135 | _acrcn 024anaba | ||
| 200 | 1 |
_aКонцерт Л.С. Сегаль (сопрано), Август 1943 г., 1 Воскресенье _e[афиша] _fУправление по делам искусств Исполкома Ленгорсовета, Зал камерных концертов |
|
| 210 |
_a[Ленинград] _cЛТ УН-9 _d1943 |
||
| 215 |
_a1 л. _d37х52 |
||
| 300 | _aНачало в 18 час. Билеты продаются в кассе зала от 11 до 19 час. | ||
| 300 | _aЗак. 1071 | ||
| 325 | _aКопия доступна в Электрон. б-ке РНБ | ||
| 327 | _aПрограмма: 1. Народные песни: Не велят Маше; Не одна то во поле дороженька; Прощай, радость. 2. Римский-Корсаков: Рассказ Веры Шелоги (из пролога к оп. Псковитянка) 3. Чайковский: То было раннею весной; Закатилось солнце; Простые слова; Ария Оксаны из оп. "Черевики". 4. Рахманинов: Сон; Фонтан; В молчаньи ночи тайной; Они отвечали; Весенние воды. Аккомпанирует М.А. Бихтер (засл. деят. искусств) | ||
| 606 | 1 |
_aТеатральная жизнь _yЛенинград, город _z1941 - 1944 _jАфиши _2nlr_sh2 _3RU\NLR\AUTH\6601649837 |
|
| 686 | 1 | _aЩ333(2Р=Рус)7-692Ленинград | |
| 702 | 1 |
_aСегаль _bЛ. С. _cоперная певица _3RU\NLR\AUTH\770201813 _4005 |
|
| 712 | 0 | 2 |
_aЗал камерных концертов _cЛенинград _3RU\NLR\AUTH\880495405 _4570 |
| 852 |
_aNLR _jЛ3-330а/12/3/1943-авг.(1) |
||
| 856 | 0 | _uhttp://vivaldi.nlr.ru/la700000119/view | |
| 856 | 1 | _uhttp://vivaldi.nlr.ru/la700000119/cover | |
| 856 | 2 | _uhttp://vivaldi.nlr.ru/la700000119/text | |
| 942 | _cVISUAL | ||
| 945 | _aРоссийская национальная библиотека | ||
| 980 | _aNB | ||
| 980 | _aBV | ||
| 980 | 3 | _akplen | |
| 980 | 3 | _akp | |
| 981 | 3 | 7 |
_a(37) Ленинград в Великой Отечественной войне _b(37) Афиши блокадного Ленинграда |